00873nam a22001577a 4500003000900000005001700009008004100026040001300067100002200080245004600102250000800148260002000156300001900176490000600195520051400201IT-RoPau20220918175939.0130128b xxu||||| |||| 00| 0 eng d cIT-RoPau aBianchini, Lucina aSuor Tecla MerlobUna vita per il Vangelo aIII aRomabFSPc2001 a32 p.c20,5 cm vI aIndice Fedele collaboratrice Destinata a fare un gran bene Brama di fare di più per il Signore Un "Si" carico di conseguenze Un avvio di fede e di coraggio Trasferimento a Susa Prima Superiora generale Graduale costante progresso "I vostri confini sono i confini del mondo Madre sollecita e forte L'offerta della sua vita Perché tutte le Figlie di S. Paolo si facciano sante Principali dati biografici Bibliografia per meglio conoscere M. Tecla Preghiera per ottenere grazie dalla Ven. Tecla Merlo